1358 1581 1475 1132 1249 1625 1524 1867 1477 1810 1375 1779 1554 1382 1673 1001 1565 1931 1429 1339 1227 1334 1670 1105 1278 1846 1702 1985 1658 1518 1797 1362 1102 1402 1355 1209 1706 1332 1745 1524 1353 1675 1993 1311 1026 1982 1348 1185 1636 1982 1328 1572 1734 1410 1342 1501 1302 1750 1836 1946 1891 1686 1270 1689 1457 1897 1862 1819 1373 1074 1162 1410 1752 1761 1222 1450 1633 1350 1006 1809 1710 1248 1173 1166 1297 1261 1816 1925 1832 1155 1391 1166 1741 1928 1556 1211 1441 1838 1527 BCNSPRNW ULIB Ver.6.0+V

เปลี่ยนเป็นภาษาไทย

Change to English
 แสดงรายละเอียดบรรณานุกรม
  กลับหน้าหลัก

Brief Record : Get Marc (ISO 2709) : E-mail record : QR code < ปิดหน้าต่าง
LEADER : 00000nam 2200000uu 4500
001    13399113587
003     ULIB
008    111202s2554||||th 000 0 tha d
020    ^a9786167014166
060 04 ^aWA100^bม964ส
100 1  ^aRoizen, Michael F.
245 10 ^aYou :^bthe owner s manual= สุขภาพดี คุณสร้างได้/^cbyMichael F. Roizen and Mehmet C.
260    ^aกรุงเทพฯ :^bอินสปายร์,^c2554
300    ^a399 หน้า. :^bภาพ. ;^c24 cm.
650  2 ^aHealth
650  2 ^aPhysiological Processes
650  2 ^aHealth Behavior
650  2 ^aNutritional Physiological Phenomena
650  2 ^aLongevity
700 1  ^aOz, Mehmet C.
700    ^aนุชนาฎ เนตรประเสริฐศรี,ผู้แปล
700    ^aปรีชา เมฆานันท์, ผู้แปล
945    ^p295^l0^i18534
945    ^p295^l0^i18533
995    ^aกัณชพร
999    ^aใช้งานได้ทุกระบบ
รายการนี้ยังไม่มีแท็ก
คุณยังไม่ได้ล็อกอิน คุณสามารถมีกิจกรรมร่วมกับเว็บไซต์ได้ แต่ต้องล็อกอินก่อน ::
  ล็อกอิน

รายการสื่อสารสนเทศ

ลำดับที่ ประเภท เลขเรียก/บาร์โค้ด สถานที่ สถานะ
1. วิทยาศาสตร์การแพทย์ และสุขภาพ
วิทยาศาสตร์การแพทย์ และสุขภาพ
สถานะ=หนังสือเก่า
WA100 ม964ส  
  Barcode: 18534
ห้องสมุดวิทยาเขตนครสวรรค์
►ส่วนจัดเก็บหนังสือเก่า นว.
บนชั้น
  ขอยืม
2. วิทยาศาสตร์การแพทย์ และสุขภาพ
วิทยาศาสตร์การแพทย์ และสุขภาพ
สถานะ=หนังสือเก่า
WA100 ม964ส ฉ.2 
  Barcode: 18533
ห้องสมุดวิทยาเขตนครสวรรค์
►ส่วนจัดเก็บหนังสือเก่า นว.
บนชั้น
  ขอยืม

รายการใกล้เคียง
    ผู้แต่ง [Roizen, Michael F.]

    หัวเรื่อง [Health]
    หัวเรื่อง [Physiological Processes]
    หัวเรื่อง [Health Behavior]
    หัวเรื่อง [Nutritional Physiological Phenomena]
    หัวเรื่อง [Longevity]

BibComment


ยังไม่เคยถูกคอมเมนท์

คอมเมนท์ทรัพยากรรายการนี้
  คอมเมนท์: You the owner s..


 Copyright 2026. Bcnsprnw @Library